The theory of public finance: a study in public economy
-д хадгалсан:
| Үндсэн зохиолч: | |
|---|---|
| Формат: | Ном |
| Хэл сонгох: | англи |
| Хэвлэсэн: |
Nueva York
McGraw-Hill
1959
|
| Нөхцлүүд: | |
| Шошгууд: |
Шошго нэмэх
Шошго байхгүй, Энэхүү баримтыг шошголох эхний хүн болох!
|
MARC
| LEADER | 00000nam a2200000 a 4500 | ||
|---|---|---|---|
| 001 | UCR7703 | ||
| 003 | CL-VaPUC | ||
| 008 | 980519e19590000US |||||||||||||||||eng|d | ||
| 082 | 0 | 4 | |a 336 |b MUS |2 21 |
| 100 | |a Musgrave, Richard A. |e author |9 409427 | ||
| 245 | 1 | 4 | |a The theory of public finance: a study in public economy |
| 300 | |a 628 p | ||
| 942 | |c BK | ||
| 945 | |d 19980519 00:00:00 |a crobeson | ||
| 260 | |a Nueva York |b McGraw-Hill |c 1959 | ||
| 650 | 0 | |a Hacienda pública |9 258673 | |
| 650 | 7 | |a PRESUPUESTO |2 CL-VaPUC |9 306206 | |
| 650 | 0 | |a Política fiscal |9 317354 | |
| 650 | 0 | |a Mercado |9 321497 | |
| 650 | 7 | |a PAGOS |2 CL-VaPUC |9 378742 | |
| 650 | 0 | |a Economía |9 255568 | |
| 650 | 0 | |a Inversiones |9 345867 | |
| 650 | 7 | |a RENTA |2 CL-VaPUC |9 358792 | |
| 650 | 0 | |a Deudas |9 350077 | |
| 583 | |a last modification |c 19980519 00:00:00 |k Rodrigo Vera | ||
| 999 | |c 269293 |d 269291 | ||
| 952 | |0 0 |1 0 |4 0 |6 336_000000000000000_MUS_1959 |7 0 |8 A |9 303002 |a BIBENE |b BIBENE |d 2019-11-20 |i 1993720 |o 336 MUS 1959 |p 1993720 |r 2025-01-15 |w 2019-11-20 |y BK |k ICO | ||